000 00388nam a22001577a 4500
008 220223b ||||| |||| 00| 0 eng d
020 _a9789383101993
041 _aeng
082 _a574.192
_bRAM
100 _aRana Rashmi
245 _aMolecular Biochemistry
_b
_cBy Rashmi Rana
260 _aJaipur
_bAgrotech Press
_c2014
300 _a280p.
650 _aZOOLOGY
942 _cBK
999 _c47145
_d47145